Statistiques concernant Communes limitrophes de Paris

Cliquez ici pour prendre le quiz!

Statistiques générales

  • Ce quiz a été pris 4 549 fois
  • Le résultat moyen est 13 sur 29

Statistiques - réponses

Commune% Correct
Saint-Denis
80%
Neuilly-sur-Seine
75%
Boulogne-Billancourt
74%
Vincennes
66%
Montreuil
63%
Issy-les-Moulineaux
61%
Ivry-sur-Seine
61%
Montrouge
59%
Levallois-Perret
57%
Clichy
56%
Saint-Ouen
55%
Aubervilliers
52%
Pantin
51%
Les Lilas
45%
Vanves
44%
Malakoff
42%
Bagnolet
42%
Saint-Mandé
41%
Le Kremlin-Bicêtre
37%
Puteaux
36%
Saint-Cloud
35%
Charenton-le-Pont
35%
Gentilly
31%
Suresnes
26%
Le Pré-Saint-Gervais
25%
Nogent-sur-Marne
21%
Saint-Maurice
18%
Joinville-le-Pont
18%
Fontenay-sous-Bois
18%

Distribution des résultats

Percentile par nombre de réponses

% des personnes avec chaque résultat

Votre développement - résultats

Vous n’avez pas pris ce quiz